000 00467nam a22001817a 4500
003 OSt
008 260425b |||||||| |||| 00| 0 eng d
082 _a634.44
_bR14P
100 _aKumar, Ranjan
245 _aPost Harvest Studies on Mango (Mangifera Indica L.) Cultivars
260 _aPusa, Samastipur
_bRAU
_c1999
300 _a66P.
502 _bMsc.
_d1999
650 _aFruit & Fruit Technology
650 _aHorticulture
650 _aMsc.
942 _2ddc
_cT
999 _c50186
_d50186